|
|
|
|
| LEADER |
00599 a2200181 4500 |
| 005 |
20151026133157.0 |
| 008 |
130422b xxu||||| |||| 00| 0 eng d |
| 020 |
|
|
|a 9781439873656
|
| 080 |
|
|
|a 519.24
|b HAY
|
| 100 |
|
|
|a Hay - Jahans, Christopher
|
| 245 |
|
|
|a R companion to linear statistical models
|
| 260 |
|
|
|b CRC Press
|c 2012
|a Boca Raton
|
| 300 |
|
|
|a xvii, 354p.
|
| 653 |
|
|
|a Statistical models
|
| 653 |
|
|
|a Linear regression models
|
| 942 |
|
|
|c BK
|6 _
|
| 999 |
|
|
|c 64610
|d 64610
|
| 952 |
|
|
|0 0
|1 0
|2 udc
|4 0
|6 51924_HAY
|7 0
|9 76982
|a UL
|b UL
|d 2013-01-18
|g 0.00
|o 519.24 HAY
|p 00068616
|r 2013-01-18
|v 0.00
|w 2013-01-18
|y BK
|